National securiry and international environmental cooperation in the Arctic : the case of the Northern Sea Route

Αποθηκεύτηκε σε:
Λεπτομέρειες βιβλιογραφικής εγγραφής
Άλλοι συγγραφείς: Ostreng, Willy 1941- (Επιμελητής έκδοσης)
Μορφή: Βιβλίο
Γλώσσα:English
Δημοσίευση: Dordrecht : Kluwer Academic Publishers, 1999
Σειρά:Environment & policy ; ; 16
Θέματα:
Ετικέτες: Προσθήκη ετικέτας
Δεν υπάρχουν, Καταχωρήστε ετικέτα πρώτοι!

MARC

LEADER 00000nam a2200000 i 4500
001 1/96133
008 991213s1999 eng d
020 |a 0-7923-5528-8 
035 |l 10055626 
040 |a GR-MY-UA  |b gre  |e aacr 
041 0 |a eng 
082 0 |a 355.0330113 
245 1 0 |a National securiry and international environmental cooperation in the Arctic :  |b the case of the Northern Sea Route /  |c Edited by Willy Ostreng 
260 |a Dordrecht :   |b Kluwer Academic Publishers,   |c 1999 
300 |a 367 p.  |b fig. 
490 1 |a Environment & policy  |v ; 16 
504 |a Includes bibliographical references and index 
650 0 0 |a National security  |z Arctic regions. 
650 0 0 |a Environmental protection  |z Arctic regions  |x International Cooperation. 
651 0 |a Northeast Passage  |x International status. 
651 0 |a Arctic regions  |x Strategic aspects. 
700 1 |a Ostreng, Willy  |d 1941-  |4 edt 
830 0 |a Environment & policy ;  |v ; 16 
852 |a INST  |b LESVOS  |e 19991213  |h 355.033011 NAT  |p 005100018912  |q 005100018912  |t BK  |y 0 
901 |a BIBL1-1999-3 
909 |a Λ  |b 071178 
922 |a 1ΕΛΗ  |b 199912  |c ΚΠΣ/ΠΜΣ  |d ΠΑΠΑΣΩΤΗΡΙΟΥ 
950 |a 157-1999-09-29 
970 |a ΜΟΥΣΤΑΚΑ  |b ΠΗΝΕΛΟΠΗ  |z 1999/12/13